000 00407nam a2200145Ia 4500
008 100415s9999 xx 000 0 und d
082 _b13529
_a639.8
100 _aGruzyev GS (ed.)
245 _aThe Chemical Protection of Plants
260 _aMOSCOW
_c1983
_bMIR PUBLISHERS
365 _b0
630 _aThe Chemical Protection of Plants
730 _aThe Chemical Protection of Plants
942 _cBOOK
999 _c596443
_d596440